Statistiques concernant Les Presidents du Benin-Quiz officielles

Cliquez ici pour prendre le quiz!

Statistiques générales

  • Ce quiz a été pris 5 fois
  • Le résultat moyen est 8 sur 14

Statistiques - réponses

Réponse% Correct
Patrice Talon
100%
Hubert Maga
80%
Mathieu Kerekou
80%
Nicephore soglo
80%
Christophe Soglo
60%
Maurice Kouandete
60%
Thomas Boni-Yayi
60%
Emile Derlin Zinsou
40%
Jean Baptiste Hacheme
40%
Justin Ahomadegbe
40%
Paul-Emile de Souza
40%
Sourou-Migan Apithy
40%
Tahirou Congacou
40%
Alley Alphonse
20%

Distribution des résultats

Percentile par nombre de réponses

% des personnes avec chaque résultat

Votre développement - résultats

Vous n’avez pas pris ce quiz